000 01021nam a2200277 i 4500
001 bg
100 1 _aCzajkowska-Matosiuk, Katarzyna.
245 1 0 _aAplikacje prawnicze w pytaniach i odpowiedziach.
_nT. 1 /
_cKatarzyna Czajkowska-Matosiuk.
250 _aWyd. 2
260 _aWarszawa :
_bWydawnictwo C. H. Beck,
_c2008.
300 _aXVI, 520 s. ;
_c24 cm.
650 9 _aPrawo
_zPolska
_ystan na 2007 r.
650 9 _aPrawo prywatne międzynarodowe
_ystan na 2007 r.
650 9 _aPrawo wspólnotowe europejskie
_ystan na 2007 r.
655 _aPodręczniki akademickie
015 _aPB 21283/2007
020 _a9788374838795
040 _cBPK
041 _apol
044 _aPOL
080 _a34(438):341.9:341.12(4-67)](075.8)
920 _a978-83-7483-879-5 :
_czł 59
942 _cKS
008 071002s2007 pl |000 0 pol
999 _c54958
_d54958
856 _uhttp://koha.tu.koszalin.pl/cgi-bin/koha/opac-detail.pl?biblionumber=54958
_yKatalog online BPK